| 000 | 00918nam a22002057a 4500 | ||
|---|---|---|---|
| 999 |
_c7414 _d7414 |
||
| 003 | AR-CdUCM | ||
| 008 | 190320b ||||| |||| 00| 0 spa d | ||
| 020 | _a84-345-1140-1 | ||
| 040 |
_aMUNICIPALIDAD PROVINCIAL DEL CUSCO _cBIBLIOTECA MUNICIPAL DEL CUSCO |
||
| 082 |
_28ed. _a611.9 / _bT42 |
||
| 100 |
_aTestut, L. _920910 |
||
| 245 | _aTratado de anatomía topográfica con aplicaciones medicoquirúrgicas / | ||
| 260 |
_aBarcelona : _bSalvat, _c1977. |
||
| 300 |
_a889 páginas ; _bIlustraciones, _c26 cm. |
||
| 505 | _aContenido: t.1 -- Cráneo oseo en general -- Paredes craneales -- Cavidad craneal y su contenido -- Comportamiento cerebral: cerebro -- Comportamiento hipofisario -- t.2: Paredes abdominales --Cavidad abdominal y su contenido -- Pelvis -- Perineo y su dependencia -- Miembros... | ||
| 650 |
_aAnatomía topográfica _920911 |
||
| 700 |
_aJacob, O. _920912 |
||
| 942 |
_2ddc _cLIBROS |
||
| 945 | _aacv | ||